| 000 | 00538nam a2200181Ia 4500 | ||
|---|---|---|---|
| 008 | 240925s9999 xx 000 0 und d | ||
| 020 | _a138874077 | ||
| 082 | _a005.43 STA | ||
| 100 | _aStallings, William | ||
| 245 | 0 | _aOperating Systems: internals and design principles | |
| 250 | _a3rd | ||
| 260 |
_aNew Jersey: _bPrintice- Hall Int. _c,1998. |
||
| 300 |
_axxii,617p. _bNA _fInternational Edition |
||
| 500 | _aIncludes Index | ||
| 600 | _aComputer Science | ||
| 650 | _aComputer science, information & general works | ||
| 942 | _cBK | ||
| 999 |
_c6268 _d6268 |
||